• 首页
  • 本馆介绍
  • 公告通知
  • 最新文献
  • 馆藏检索
  • 电子资源
  • 读者导购
  • 参考咨询
  • 我的图书馆
  • 登录
  • 详细信息显示
  • 放入我的书架
  • 预约/预借图书
  • 作者相关作品
  • 分类相关作品
  • 丛书相关作品
  • 出版社相关作品

书目信息

  • 表格格式
  • 工作单格式
  • 卡片格式
题名:
弹性力学
    
 
作者: 刘北辰 , 陆鸿森 编
分册:  
出版信息: 北京   冶金工业出版社  1979.7
页数: 235页
开本: 26cm
丛书名:
单 册:
中图分类: TB125
科图分类:
主题词: 工程力学
电子资源:
ISBN:
000 00560nam0 2200205 45
001 0312221749
005 20060516112043.93
010    @dCNY1.60
100    @a20031222d1979 km y0chiy0120 ea
101    @achi
200 1  @a弹性力学@ADan Xing Li Xue@f刘北辰,陆鸿森编@FLiu Bei Chen,Lu Hong Sen Bian
210    @a北京@c冶金工业出版社@d1979.7
215    @a235页@d26cm
300    @a高等学校教学用书
606 0  @a工程力学
690    @aTB125@v3
701 0  @a刘北辰@4编
701 0  @a陆鸿森@4编
801    @aCN@bTSTCL@c20060516
905    @a213230@dTB125@e2@b160173-174@f2
    
    弹性力学/刘北辰,陆鸿森编.-北京:冶金工业出版社,1979.7
    235页;26cm
    高等学校教学用书
    
    ISBN :CNY1.60
    
●
相关链接 在E读中查询图书 在五车中查询图书 在当当中查询图书 在豆瓣中查询图书


正题名:弹性力学     索取号:TB125/2         预约/预借

序号 登录号 条形码 馆藏地/架位号 状态 备注
1 0160173   000883404   密集书库/ [索取号:TB125/2] 在馆    
2 0160174   000883306   密集书库/ [索取号:TB125/2] 在馆    
3 0160175   202348824   密集书库/ [索取号:TB125/2] 在馆    
4 0160176   202348600   密集书库/ [索取号:TB125/2] 在馆    
5 0160177   202452087   第二样本阅览室/ [索取号:TB125/2] 在馆    
唐山师范学院图书馆 欢迎您!
大连网信软件有限公司© 版权所有